Bilecik Bilecik Bilecik Bilecik Bilecik

Çinli Sinderella : (Record no. 45929)

MARC details
000 -BAŞLIK
Sabit Uzunluktaki Kontrol Alanı 01284nam a22003737a 4500
001 - KONTROL NUMARASI
Control Dosyası 0045960
003 - KONTROL NUMARASI KİMLİĞİ
Kontrol Alanı KOHA_MİRAKIL
005 - EN SON İŞLEM TARİHİ ve ZAMANI
Kontrol Alanı 20260207003502.0
007 - FİZİKSEL TANIM SABİT ALAN - GENEL BİLGİ
Sabit uzunluklu kontrol alanı ta
008 - SABİT UZUNLUKTAKİ VERİ ÖGELERİ - GENEL BİLGİ
Sabit Alan 140715b2005 tu |||gr||||#||||1|tur |
020 ## - ISBN - ULUSLARARASI STANDART KİTAP NUMARASI
Isbn 9789758486588
040 ## - KATALOGLAMA KAYNAĞI
Özgün Kataloglama Kurumu TR-BiSEU
Kataloglama Dili tur
Çeviri Kurumu TR-BiSEU
Açıklama Kuralları rda
041 0# - DİL KODU
Metin ya da ses kaydının dil kodu tur
044 ## - YAYINLAYAN/ÜRETEN KURULUŞUN ÜLKE KODU
ISO country code tu
050 ## - SINIFLAMA ve YER NUMARASI
Sınıflama Numarası PZ7.M27
Yer Numarası C56 2005
100 1# - KİŞİ ADI
Yazar Adı (Kişi adı) Yen Mah, Adelin.
245 1# - ESER ADI BİLDİRİMİ
Başlık Çinli Sinderella :
Alt Eseradı vb. istenmeyen bir kız çocuğunun hazin hikayesi/
Sorumluluk Bildirimi Adelin Yen Mah ; Adelin Yen Mah; çeviren Ömer Faruk Birpınar.
264 #1 - ÜRERİM, YAYIN, DAĞITIM ve TELİF BİLDİRİMİ
Yayın yeri İstanbul :
Yayınlayan Babıali Kültür Yayıncılığı
Yayın tarihi 2005
300 ## - FİZİKSEL TANIMLAMA
Sayfa, Cilt vb. 204 sayfa ;
Boyutları 24 cm.
336 ## - İÇERİK TÜRÜ
Content type term metin
Content type code txt
Source rdacontent
337 ## - MEDYA TÜRÜ
Media type term aracısız
Media type code n
Source rdamedia
338 ## - TAŞIYICI TÜRÜ
Carrier type term cilt
Carrier type code nc
Source rdacarrier
490 1# - DİZİ BİLDİRİMİ
Dizi Bildirimi Babiali Kültür Yayıncılığı ;
Cilt Numarası 53.
490 1# - DİZİ BİLDİRİMİ
Dizi Bildirimi Hatıra ;
Cilt Numarası 6.
650 #0 - KONU BAŞLIĞI EK GİRİŞ - KONU TERİMİ
Konusal terim veya coğrafi ad World War, 1939-1945--China--Fiction.
9 (RLIN) 84587
650 #0 - KONU BAŞLIĞI EK GİRİŞ - KONU TERİMİ
Konusal terim veya coğrafi ad Martial arts--Fiction.
9 (RLIN) 84588
650 #0 - KONU BAŞLIĞI EK GİRİŞ - KONU TERİMİ
Konusal terim veya coğrafi ad Spies--Fiction.
9 (RLIN) 84589
650 #0 - KONU BAŞLIĞI EK GİRİŞ - KONU TERİMİ
Konusal terim veya coğrafi ad Aunts--Fiction.
9 (RLIN) 84590
650 #0 - KONU BAŞLIĞI EK GİRİŞ - KONU TERİMİ
Konusal terim veya coğrafi ad China--History--1937-1945--Juvenile fiction.
9 (RLIN) 84591
650 #0 - KONU BAŞLIĞI EK GİRİŞ - KONU TERİMİ
Konusal terim veya coğrafi ad China--History--1937-1945--Fiction.
9 (RLIN) 84592
830 1# - SERİ EK GİRİŞİ - TEKBİÇİM ESER ADI
Tekbiçim Başlık Babiali Kültür Yayıncılığı ;
Volume number/sequential designation 53.
9 (RLIN) 84593
830 1# - SERİ EK GİRİŞİ - TEKBİÇİM ESER ADI
Tekbiçim Başlık Hatıra ;
Volume number/sequential designation 6.
9 (RLIN) 78245
942 ## - EK GİRİŞ ÖGELERİ (KOHA)
Source of classification or shelving scheme Library of Congress Classification
Koha item type Book
Holdings
Materyal Türü Kalıcı Konum Mevcut Konum Raf Yeri Sınıflandırma Kaynağı Edinim Bilgisi Ana Konular Alt Konular Yer Numarası Demirbaş Numarası Fatura Tarihi Geri Çekilme Durumu Kayıp Durumu Hasarlı Durumu Kredi için değil Kayıt Tarih Toplam Ödünçverme Son Görülme Tarihi Son Kontrol Tarihi Genel / Bağış Notu
Book Prof. Dr. Azmi Özcan Kütüphanesi Prof. Dr. Azmi Özcan Kütüphanesi Birûni Salonu Library of Congress Classification Bağış DİL VE EDEBİYAT Kurgu ve Gençlik Edebiyatı PZ7.M27 C56 2005 0045960 02/02/2026         15/07/2014 7 14/05/2025 14/05/2025 Genel Bağış